<?xml version="1.0" encoding="UTF-8"?>
<record
    xmlns:xsi="http://www.w3.org/2001/XMLSchema-instance"
    xsi:schemaLocation="http://www.loc.gov/MARC21/slim http://www.loc.gov/standards/marcxml/schema/MARC21slim.xsd"
    xmlns="http://www.loc.gov/MARC21/slim">

  <leader>01468nam a22001577a 4500</leader>
  <datafield tag="999" ind1=" " ind2=" ">
    <subfield code="c">528235</subfield>
    <subfield code="d">528235</subfield>
  </datafield>
  <controlfield tag="008">241120b           ||||| |||| 00| 0 eng d</controlfield>
  <datafield tag="100" ind1=" " ind2=" ">
    <subfield code="a">Rajan, S. Irudaya and Pattath, Balasubramanyam</subfield>
    <subfield code="9">59578</subfield>
  </datafield>
  <datafield tag="245" ind1=" " ind2=" ">
    <subfield code="a">Covid-19 led return to Kerala: A comparative analysis of return emigrants</subfield>
  </datafield>
  <datafield tag="260" ind1=" " ind2=" ">
    <subfield code="a">The Indian Journal of Labour Economics </subfield>
  </datafield>
  <datafield tag="300" ind1=" " ind2=" ">
    <subfield code="a"> 67(2), Apr-Jun, 2024: p.389-405</subfield>
  </datafield>
  <datafield tag="520" ind1=" " ind2=" ">
    <subfield code="a">This article concerns emigrants who returned to Kerala between May and December 2020 in the midst of the COVID-19 pandemic. We study and document the experiences of 1985 return emigrants (REM) through a quantitative survey conducted via Computer-Assisted Telephonic Interviews. The study utilises a comparative classificatory framework that categorises return emigrants into three groups: normal REM, distressed REM, and REM who returned to re-emigrate. While the REM have been a demographically, politically, and economically significant component of Kerala&#x2019;s population, the COVID-19 REM represent a unique case in history that has the potential to not only affect the economy, society, and psyche of Kerala for many years to come, but to also provide valuable insights into the future of global labor migration governance.- Reproduced 

https://link.springer.com/article/10.1007/s41027-024-00497-2
</subfield>
  </datafield>
  <datafield tag="650" ind1=" " ind2=" ">
    <subfield code="a">Covid-19, Return migrants, Remittances, Kerala</subfield>
    <subfield code="9">48999</subfield>
  </datafield>
  <datafield tag="773" ind1=" " ind2=" ">
    <subfield code="a">The Indian Journal of Labour Economics </subfield>
  </datafield>
  <datafield tag="906" ind1=" " ind2=" ">
    <subfield code="a">PANDEMIC</subfield>
  </datafield>
  <datafield tag="942" ind1=" " ind2=" ">
    <subfield code="c">AR</subfield>
  </datafield>
  <datafield tag="952" ind1=" " ind2=" ">
    <subfield code="0">0</subfield>
    <subfield code="1">0</subfield>
    <subfield code="2">ddc</subfield>
    <subfield code="4">0</subfield>
    <subfield code="7">0</subfield>
    <subfield code="9">403326</subfield>
    <subfield code="a">IIPA</subfield>
    <subfield code="b">IIPA</subfield>
    <subfield code="d">2024-11-20</subfield>
    <subfield code="h"> 67(2), Apr-Jun, 2024: p.389-405</subfield>
    <subfield code="p">AR133618</subfield>
    <subfield code="r">2024-11-20</subfield>
    <subfield code="y">AR</subfield>
  </datafield>
</record>
